Mots en A par définition - Statistiques

Statistiques générales
  • Ce quiz a été pris 395 fois
    318 depuis la dernière actualisation
  • Le résultat moyen est 9 sur 20
Statistiques - réponses
Genre Définition Réponse % Correct
Nom Masculin Grand serpent constricteur non venimeux des eaux douces d'Amérique du Sud tropicale, voisin du boa. Les plus grands spécimens atteignent 8 m de long. Anaconda
84%
Nom Féminin Pièce de vaisselle individuelle, dont le centre est plus ou moins creux. Assiette
79%
Nom Masculin Signe typographique en forme d'étoile (*) pouvant avoir diverses valeurs conventionnelles. Astérisque
76%
Nom Masculin Constituant fondamental de la matière dont les mouvements et les combinaisons rendent compte de l'essentiel des propriétés macroscopiques de celle-çi. Atome
72%
Nom Féminin Geste consistant à se serrer dans les bras l'un de l'autre en signe d'affection, d'amitié et, en particulier, lors d'une remise de décoration, de la réception d'un personnage officiel. Accolade
67%
Nom Féminin Arme ancienne formée d'un arc d'acier monté sur un fût et qui se bandait avec un ressort ; arme moderne du même type utilisée en compétition sportive ou pour la chasse. Arbalète
57%
Nom et Adjectif Qui est originaire du pays où il vit; se dit en particulier des ethnies autochtones de l'Australie. Aborigène
55%
Nom Féminin Fait ou faculté d'agir, de manifester sa volonté, en accomplissant quelque chose. Action
49%
Nom Féminin Objet qu'on porte généralement sur soi, fabriqué selon les règles de la magie, de l'astrologie, réputé prophylactique et bénéfique. Amulette
49%
Nom Masculin Sous l'Ancien Régime, préparateur, détenteur et distributeur des drogues utiles à la santé. Apothicaire
48%
Nom Masculin Appareil servant à la distillation, composé d'une chaudière (cucurbite) soumise à chauffage et d'où les vapeurs se dégagent par le chapiteau, puis passent par un col-de-cygne pour gagner le réfrigérant formé par un serpentin refroidi par de l'eau. Alambic
42%
Nom Masculin et Adjectif Se dit d'une substance (et de ses effets) propre à calmer la douleur. Antalgique
40%
Nom Masculin Planète dont les dimensions ne dépassent pas quelques centaines de kilomètres. Astéroïde
40%
Nom Féminin Variété violette de quartz colorée par de l'oxyde de fer et utilisée en bijouterie./ Oiseau-mouche vert, à gorge rouge d'Amazonie. Améthyste
39%
Nom Masculin Petit instrument à vent ou à friction avec lequel on imite le cri des oiseaux et des mammifères pour les attirer. Appeau
34%
Nom Masculin Plante ligneuse vivace ne dépassant pas 10 m de hauteur et dont le tronc n'est pas ramifié dès la base. Arbuste
26%
Nom Féminin Dans de nombreuses religions, acte rituel de purification par l'eau. / Dans la liturgie catholique, rite de purification du calice qui a contenu le vin consacré. Ablution
24%
Nom Masculin Arbre ou arbrisseau souvent épineux, à feuilles généralement persistantes. Acacia
24%
Nom Féminin Plante cultivée vivace (liliacée), dont on consomme les jeunes pousses, cuites. Asperge
20%
Nom Féminin Introduction intentionnelle d'une espèce animale ou végétale dans une région où elle n'existait pas, en vue de la culture ou de l'élevage. Acclimatation
7%
Aucun quiz correspondant
Distribution des résultats
% des personnes avec chaque résultat
Percentile par nombre de réponses
Votre historique - résultats
Vous n’avez pas pris ce quiz depuis la dernière actualisation